000 00877nam a2200253Ia 4500
003 GCL
008 140319s9999 xx 000 0 ara d
040 _aGCL /
_cGCL
082 0 4 _a364.015
_bم ا
100 1 _aمحمد يسرى ابراهيم دعبس
245 1 0 _aالارهاب والشباب (رؤية فى انثرويولوجيا الجريمة) /
_cمحمد يسرى ابراهيم دعبس
260 _a[S.N] :
_bالمجالس ،
_c1994
300 _a362 ص
490 _aعلم الانسان وقضايا المجتمع
_v0
650 0 4 _aالاغتيال
650 0 4 _aالجريمة والمجرمون
650 0 4 _aالارهاب
650 0 4 _aالجرائم السياسية
650 0 4 _aالاجتماع
650 0 4 _aعلم النفس الجنائى
650 0 4 _aالاجتماع الجنائى
650 0 4 _aالتمرد
942 _2ddc
_cBK
999 _c27680
_d27680